[Event "17. European Women's Championship 2016"]
[Site "Mamaia ROU"]
[Date "2016.06.01"]
[Round "6.22"]
[White "Gara, Anita"]
[Black "Narva, Mai"]
[Result "1-0"]
[WhiteElo "2345"]
[BlackElo "2121"]
[PlyCount "91"]
[EventDate "2016.05.27"]
[EventType "swiss"]
[EventRounds "11"]
[EventCountry "ROU"]
[Source "lmi"]
[SourceDate "2016.05.26"]

1. e4 c5 2. c3 g6 3. d4 cxd4 4. cxd4 d5 5. exd5 Bg7 6. Nc3 Nf6 7. Qb3 O-O 8.
Be2 Nbd7 9. Bf3 Nb6 10. Nge2 Bg4 11. Bxg4 Nxg4 12. a4 Nf6 13. a5 Nbxd5 14. Qxb7
Qd6 15. Qb3 e5 16. O-O exd4 17. Nb5 Qe5 18. Nexd4 Rab8 19. Nc6 Qe4 20. Ra4 Qf5
21. Nxb8 Rxb8 22. Qc4 Rc8 23. Qe2 Re8 24. Qd1 Qd7 25. Nd4 Ne4 26. Rc4 Nd6 27.
Rc2 Nb4 28. Rc5 Na6 29. Rc2 Nb4 30. Rc3 Na2 31. Rc2 Nb4 32. Re2 Rc8 33. Be3 Nc4
34. Qb3 Nd5 35. Rc2 Ndxe3 36. fxe3 Bxd4 37. exd4 Qxd4+ 38. Kh1 Rc6 39. h3 Qe4
40. a6 Kg7 41. Qf3 Qe8 42. Qf4 Qe6 43. Qd4+ Kg8 44. Rfc1 Ne5 45. Rxc6 Nxc6 46.
Qc4 1-0

[Event "17. European Women's Championship 2016"]
[Site "Mamaia ROU"]
[Date "2016.06.01"]
[Round "6.23"]
[White "Hoolt, Sarah"]
[Black "Babiy, Olga"]
[Result "1-0"]
[WhiteElo "2312"]
[BlackElo "2337"]
[PlyCount "135"]
[EventDate "2016.05.27"]
[EventType "swiss"]
[EventRounds "11"]
[EventCountry "ROU"]
[Source "lmi"]
[SourceDate "2016.05.26"]

1. e4 c5 2. Nf3 e6 3. d4 cxd4 4. Nxd4 a6 5. c4 Nf6 6. Nc3 Qc7 7. a3 b6 8. Be3
Bb7 9. f3 d6 10. Be2 Be7 11. Rc1 O-O 12. O-O Nbd7 13. b4 Rac8 14. Qd2 Rfe8 15.
Kh1 Qb8 16. Bg1 Bd8 17. Rfd1 Ne5 18. Na4 Nfd7 19. h3 h6 20. Rc2 Ba8 21. Nb2 Bb7
22. Nb3 Bc7 23. a4 Red8 24. Qe1 Nf6 25. Bd4 Nc6 26. Bxf6 gxf6 27. Nd3 d5 28.
exd5 exd5 29. c5 Bg3 30. Qd2 bxc5 31. Rxc5 Kg7 32. f4 d4 33. Bg4 Rc7 34. Rdc1
Re7 35. Rxc6 Bxc6 36. Rxc6 Rde8 37. Rc1 Qd6 38. Rf1 Re3 39. Nbc5 R8e7 40. Qa2
a5 41. Qc4 Rc7 42. Qb5 axb4 43. Qxb4 Qd5 44. Bf3 Qf5 45. Qxd4 Ree7 46. Bg4 Qg6
47. Qd5 f5 48. Bxf5 Qc6 49. Qxc6 Rxc6 50. Be4 Rd6 51. Rf3 Bh4 52. a5 Ra7 53. a6
Bd8 54. Bb7 Rd4 55. g4 Bb6 56. f5 Kf6 57. Kg2 h5 58. Ne4+ Rxe4 59. Bxe4 Rxa6
60. Nb4 Ra4 61. Nd5+ Kg5 62. gxh5 Rxe4 63. Nxb6 Rd4 64. Kg3 Kxh5 65. f6 Rd8 66.
Nc4 Rg8+ 67. Kf4 Rg6 68. Ke4 1-0

[Event "17. European Women's Championship 2016"]
[Site "Mamaia ROU"]
[Date "2016.06.01"]
[Round "6.24"]
[White "Mamedjarova, Zeinab"]
[Black "Cosma, Elena-Luminita"]
[Result "1/2-1/2"]
[WhiteElo "2236"]
[BlackElo "2333"]
[PlyCount "27"]
[EventDate "2016.05.27"]
[EventType "swiss"]
[EventRounds "11"]
[EventCountry "ROU"]
[Source "lmi"]
[SourceDate "2016.05.26"]

1. d4 d5 2. Nf3 Nf6 3. e3 c5 4. b3 Nc6 5. Be2 Bg4 6. O-O e6 7. Bb2 Be7 8. Nbd2
O-O 9. c4 Rc8 10. Rc1 cxd4 11. Nxd4 Bxe2 12. Qxe2 Nxd4 13. Bxd4 b6 14. Bb2
1/2-1/2

[Event "17. European Women's Championship 2016"]
[Site "Mamaia ROU"]
[Date "2016.06.01"]
[Round "6.25"]
[White "Batsiashvili, Nino"]
[Black "Ionescu, Irina"]
[Result "1-0"]
[WhiteElo "2476"]
[BlackElo "2181"]
[PlyCount "105"]
[EventDate "2016.05.27"]
[EventType "swiss"]
[EventRounds "11"]
[EventCountry "ROU"]
[Source "lmi"]
[SourceDate "2016.05.26"]

1. Nf3 d5 2. e3 Nf6 3. c4 c6 4. Nc3 a6 5. d4 g6 6. Be2 Bg7 7. O-O O-O 8. b3 Bg4
9. h3 Bxf3 10. Bxf3 e6 11. Bb2 Nbd7 12. Qc2 Rc8 13. Rad1 Qe7 14. Rfe1 Rfd8 15.
e4 dxe4 16. Nxe4 Nxe4 17. Qxe4 Qg5 18. Qb1 Nf8 19. Bc1 Qf6 20. Be3 Qh4 21. d5
cxd5 22. cxd5 exd5 23. Bxd5 Rd7 24. Qe4 Qxe4 25. Bxe4 Rcd8 26. Rxd7 Rxd7 27.
Rc1 f5 28. Bf3 Be5 29. Kf1 Ne6 30. Rd1 Rxd1+ 31. Bxd1 Nd4 32. f4 Bf6 33. Ke1
Kf7 34. Kd2 Ke6 35. Kd3 Nc6 36. Kc4 Be7 37. a4 Na5+ 38. Kc3 Nc6 39. Be2 Bb4+
40. Kc4 Be7 41. Bf3 Na5+ 42. Kc3 Nc6 43. g4 h6 44. Kd3 Kd6 45. Bb6 Bh4 46. Kc4
Be1 47. Bc5+ Kd7 48. gxf5 gxf5 49. Bf8 Na5+ 50. Kd3 Nxb3 51. Bxb7 Ke8 52. Ba3
Bg3 53. Bd5 1-0

[Event "17. European Women's Championship 2016"]
[Site "Mamaia ROU"]
[Date "2016.06.01"]
[Round "6.26"]
[White "Girya, Olga"]
[Black "Hojjatova, Aydan"]
[Result "1/2-1/2"]
[WhiteElo "2443"]
[BlackElo "2300"]
[PlyCount "104"]
[EventDate "2016.05.27"]
[EventType "swiss"]
[EventRounds "11"]
[EventCountry "ROU"]
[Source "lmi"]
[SourceDate "2016.05.26"]

1. d4 e6 2. c4 Nf6 3. Nf3 d5 4. Nc3 Bb4 5. Bg5 h6 6. Bxf6 Qxf6 7. e3 c5 8. Rc1
cxd4 9. Nxd4 O-O 10. cxd5 exd5 11. Qb3 Bxc3+ 12. Qxc3 Bd7 13. Be2 Nc6 14. Nb5
Qxc3+ 15. bxc3 Rac8 16. Kd2 Rfd8 17. Nd4 Kf8 18. Bd3 Ke7 19. Rb1 Nxd4 20. cxd4
Rc7 21. Rb2 Rdc8 22. Rhb1 Bc6 23. Bf5 Rb8 24. Rc1 Kd6 25. Rbc2 Re8 26. Bg4 Ree7
27. Bf3 b6 28. Bh5 Be8 29. Bf3 Bc6 30. Rc3 Bb7 31. Bh5 Rxc3 32. Rxc3 Ba6 33.
Bd1 Bf1 34. g3 Bc4 35. a3 b5 36. Rc1 Rc7 37. f3 f5 38. Bc2 Rf7 39. Rb1 a5 40.
h4 g6 41. Rg1 Ke6 42. g4 fxg4 43. f4 Rf6 44. Rxg4 Kf7 45. Rg1 b4 46. axb4 axb4
47. Ra1 Ra6 48. Rxa6 Bxa6 49. e4 dxe4 50. Bxe4 Kf6 51. Kc2 Bc4 52. Kb2 Bf7
1/2-1/2

[Event "17. European Women's Championship 2016"]
[Site "Mamaia ROU"]
[Date "2016.06.01"]
[Round "6.27"]
[White "Raeva, Elitsa"]
[Black "Kazimova, Narmin"]
[Result "1/2-1/2"]
[WhiteElo "2254"]
[BlackElo "2364"]
[PlyCount "65"]
[EventDate "2016.05.27"]
[EventType "swiss"]
[EventRounds "11"]
[EventCountry "ROU"]
[Source "lmi"]
[SourceDate "2016.05.26"]

1. d4 Nf6 2. c4 e6 3. Nf3 b6 4. g3 Ba6 5. Qc2 c5 6. d5 exd5 7. cxd5 Bb7 8. Bg2
Nxd5 9. O-O Be7 10. Rd1 Nc6 11. Qa4 Nf6 12. Nh4 O-O 13. Nf5 d5 14. Nc3 Nb4 15.
a3 a5 16. Bg5 Bc6 17. Nxd5 Nfxd5 18. Nxe7+ Qxe7 19. Bxe7 Bxa4 20. axb4 Bxd1 21.
Bxd5 Bxe2 22. bxc5 bxc5 23. Bxf8 Rxf8 24. Rxa5 Rc8 25. f3 Bd3 26. Kf2 Re8 27.
Ra8 Kf8 28. Rxe8+ Kxe8 29. Ke3 Bb5 30. h4 Ke7 31. g4 f6 32. f4 Kd6 33. Bg8
1/2-1/2

[Event "17. European Women's Championship 2016"]
[Site "Mamaia ROU"]
[Date "2016.06.01"]
[Round "6.28"]
[White "Khukhashvili, Sopiko"]
[Black "Buksa, Nataliya"]
[Result "1-0"]
[WhiteElo "2355"]
[BlackElo "2288"]
[PlyCount "61"]
[EventDate "2016.05.27"]
[EventType "swiss"]
[EventRounds "11"]
[EventCountry "ROU"]
[Source "lmi"]
[SourceDate "2016.05.26"]

1. e4 e5 2. Nf3 Nc6 3. Bb5 a6 4. Ba4 Nf6 5. O-O Nxe4 6. Re1 Nc5 7. Bxc6 dxc6 8.
d4 Ne6 9. Rxe5 Be7 10. Nc3 O-O 11. d5 cxd5 12. Rxd5 Qe8 13. Be3 Bf6 14. Ne4
Bxb2 15. Rb1 Ba3 16. Nd4 Nxd4 17. Nf6+ gxf6 18. Bxd4 Qe6 19. Rb3 Bd6 20. Rxd6
Qxd6 21. Rg3+ Kh8 22. Qa1 Qxg3 23. Bxf6+ Kg8 24. hxg3 Re8 25. Qc1 Re4 26. Qg5+
Kf8 27. Qc5+ Ke8 28. Qd5 Re1+ 29. Kh2 Be6 30. Qxb7 Rc8 31. Qb4 1-0

[Event "17. European Women's Championship 2016"]
[Site "Mamaia ROU"]
[Date "2016.06.01"]
[Round "6.29"]
[White "Khalafova, Narmin"]
[Black "Mammadova, Gulnar"]
[Result "0-1"]
[WhiteElo "2193"]
[BlackElo "2319"]
[PlyCount "92"]
[EventDate "2016.05.27"]
[EventType "swiss"]
[EventRounds "11"]
[EventCountry "ROU"]
[Source "lmi"]
[SourceDate "2016.05.26"]

1. e4 e6 2. d4 d5 3. Nd2 Nf6 4. e5 Nfd7 5. Bd3 c5 6. c3 Nc6 7. Ngf3 g6 8. h4 h6
9. dxc5 Qc7 10. O-O Ndxe5 11. Nxe5 Nxe5 12. Bb5+ Bd7 13. Bxd7+ Nxd7 14. b4 Bg7
15. Qf3 b6 16. Re1 O-O 17. cxb6 Qxc3 18. Qxc3 Bxc3 19. Rb1 axb6 20. Rb3 Rfc8
21. a3 Bg7 22. f4 Bd4+ 23. Kf1 Rc2 24. Rd3 Bc3 25. Rd1 Nf6 26. Nb1 Ba1 27. Be3
b5 28. Nd2 Bb2 29. Rb1 Ng4 30. Bc5 Bc3 31. Nb3 Rxa3 32. Rc1 Rxc1+ 33. Nxc1 d4
34. Bxd4 Bxb4 35. Rxa3 Bxa3 36. Nd3 Kf8 37. Ke2 Ke7 38. Nc5 Kd6 39. Ne4+ Kd5
40. Kd3 Bb4 41. h5 gxh5 42. f5 exf5 43. Nf6+ Nxf6 44. Bxf6 Bd6 45. Bg7 b4 46.
Bxh6 f4 0-1

[Event "17. European Women's Championship 2016"]
[Site "Mamaia ROU"]
[Date "2016.06.01"]
[Round "6.31"]
[White "Dragomirescu, Angela"]
[Black "Zaksaite, Salomeja"]
[Result "1-0"]
[WhiteElo "2215"]
[BlackElo "2312"]
[PlyCount "51"]
[EventDate "2016.05.27"]
[EventType "swiss"]
[EventRounds "11"]
[EventCountry "ROU"]
[Source "lmi"]
[SourceDate "2016.05.26"]

1. d4 Nf6 2. Bg5 e6 3. e4 h6 4. Bxf6 Qxf6 5. c3 d6 6. Bd3 e5 7. Ne2 g5 8. Nd2
Nc6 9. Bb5 Ke7 10. Nc4 Nd8 11. dxe5 dxe5 12. Ne3 c6 13. Ng3 Ke8 14. Bc4 Bd6 15.
Qd2 Kd7 16. Ngf5 Kc7 17. O-O-O Bxf5 18. Nxf5 b5 19. Nxd6 bxc4 20. Ne8+ Rxe8 21.
Qd7+ Kb6 22. Qxe8 Qf4+ 23. Rd2 Kb7 24. g3 Qxe4 25. Rhd1 Ne6 26. Rd7+ 1-0

[Event "17. European Women's Championship 2016"]
[Site "Mamaia ROU"]
[Date "2016.06.01"]
[Round "6.32"]
[White "Tomilova, Elena"]
[Black "Sedina, Elena"]
[Result "1/2-1/2"]
[WhiteElo "2305"]
[BlackElo "2287"]
[PlyCount "102"]
[EventDate "2016.05.27"]
[EventType "swiss"]
[EventRounds "11"]
[EventCountry "ROU"]
[Source "lmi"]
[SourceDate "2016.05.26"]

1. e4 e6 2. d4 d5 3. Bd3 c5 4. exd5 exd5 5. Nf3 c4 6. Be2 Bd6 7. O-O Ne7 8. b3
cxb3 9. axb3 Nbc6 10. c4 O-O 11. h3 Bf5 12. Nc3 Re8 13. Ra4 a6 14. c5 Bc7 15.
b4 Rc8 16. Bd3 h6 17. Re1 Qd7 18. b5 axb5 19. Nxb5 Bb8 20. Bf1 Ng6 21. Be3 Be4
22. Nc3 f5 23. Nxe4 fxe4 24. Nd2 Nh4 25. Qg4 Nf5 26. g3 Qf7 27. Bb5 Kh8 28. Nf1
Re6 29. Bxc6 Rexc6 30. Ra8 Rf8 31. Qe2 Rf6 32. Ra2 Nxe3 33. Nxe3 Rf3 34. Ng2
Qf6 35. Rd1 Qg5 36. Ra8 Bc7 37. Rxf8+ Rxf8 38. h4 Qg6 39. Ne3 Qf7 40. Rb1 Bd8
41. Ng4 Bf6 42. Qe3 Qd7 43. Nxf6 Rxf6 44. Qb3 Rf7 45. Rb2 Qf5 46. Qb5 Kh7 47.
Qe2 Qf6 48. Qe3 Qa6 49. Rb6 Qa1+ 50. Kg2 Qd1 51. Rb2 Qg4 1/2-1/2

[Event "17. European Women's Championship 2016"]
[Site "Mamaia ROU"]
[Date "2016.06.01"]
[Round "6.35"]
[White "Fataliyeva, Ulviyya"]
[Black "Hapala, Elisabeth"]
[Result "0-1"]
[WhiteElo "2301"]
[BlackElo "2227"]
[PlyCount "65"]
[EventDate "2016.05.27"]
[EventType "swiss"]
[EventRounds "11"]
[EventCountry "ROU"]
[Source "lmi"]
[SourceDate "2016.05.26"]

1. e4 c5 2. Nf3 e6 3. d4 cxd4 4. Nxd4 Nc6 5. Nc3 Qc7 6. Be2 a6 7. O-O Nf6 8.
Be3 Bb4 9. Na4 Be7 10. Nxc6 bxc6 11. Nb6 Rb8 12. Nxc8 Qxc8 13. Bd4 c5 14. Be5
Rb6 15. Qd3 d6 16. Bc3 O-O 17. b3 Qc6 18. Bf3 Nd7 19. Qe3 c4 20. Bd4 Rbb8 21.
Be2 cxb3 22. cxb3 Rfc8 23. Rac1 Qb7 24. b4 Qxb4 25. Ba7 Ra8 26. Rb1 Qa4 27. Rb7
Bf6 28. Rc1 Ne5 29. f4 Nc6 30. Bd1 Qxa2 31. e5 dxe5 32. Bf3 exf4 33. Qxf4 0-1

[Event "17. European Women's Championship 2016"]
[Site "Mamaia ROU"]
[Date "2016.06.01"]
[Round "6.36"]
[White "Stetsko, Lanita"]
[Black "Galojan, Lilit"]
[Result "1/2-1/2"]
[WhiteElo "2220"]
[BlackElo "2296"]
[PlyCount "85"]
[EventDate "2016.05.27"]
[EventType "swiss"]
[EventRounds "11"]
[EventCountry "ROU"]
[Source "lmi"]
[SourceDate "2016.05.26"]

1. e4 e5 2. Nf3 Nc6 3. Bb5 a6 4. Ba4 Nf6 5. O-O Be7 6. Re1 b5 7. Bb3 O-O 8. a4
Bb7 9. d3 h6 10. Nbd2 Re8 11. Nf1 Bf8 12. Ne3 g6 13. c3 d6 14. axb5 axb5 15.
Rxa8 Bxa8 16. Nh4 d5 17. exd5 Na5 18. Ba2 Bxd5 19. Nxd5 Nxd5 20. Qg4 Kg7 21. g3
Nf6 22. Nf5+ Kh7 23. Qh3 Qd7 24. g4 gxf5 25. g5 Nd5 26. Re4 c6 27. d4 Re7 28.
Rh4 e4 29. g6+ fxg6 30. Bxh6 Bxh6 31. Rxh6+ Kg7 32. Qh4 Kf7 33. Qg3 Qe6 34. Qb8
Qd7 35. Qg3 Qe6 36. Qb8 Qd7 37. Rh7+ Kf6 38. Qh8+ Rg7 39. Bxd5 cxd5 40. Qf8+
Rf7 41. Qh8+ Rg7 42. Qf8+ Rf7 43. Qh8+ 1/2-1/2

[Event "17. European Women's Championship 2016"]
[Site "Mamaia ROU"]
[Date "2016.06.01"]
[Round "6.38"]
[White "Doluhanova, Evgeniya"]
[Black "Zherebtsova, Alexandra"]
[Result "1/2-1/2"]
[WhiteElo "2262"]
[BlackElo "2200"]
[PlyCount "88"]
[EventDate "2016.05.27"]
[EventType "swiss"]
[EventRounds "11"]
[EventCountry "ROU"]
[Source "lmi"]
[SourceDate "2016.05.26"]

1. e4 e5 2. Nf3 Nc6 3. d4 exd4 4. Nxd4 Nf6 5. Nxc6 bxc6 6. e5 Qe7 7. Qe2 Nd5 8.
c4 Nb6 9. b3 a5 10. Ba3 Qg5 11. Bxf8 Qc1+ 12. Qd1 Qxd1+ 13. Kxd1 Rxf8 14. a4 f6
15. f4 fxe5 16. fxe5 Bb7 17. Bd3 g6 18. Ra2 O-O-O 19. h4 c5 20. Re2 d5 21. exd6
cxd6 22. h5 d5 23. Kc2 dxc4 24. bxc4 Rde8 25. Rxe8+ Rxe8 26. Nc3 Bxg2 27. Rb1
Kc7 28. hxg6 hxg6 29. Rb5 Re5 30. Rxa5 Bb7 31. Rb5 g5 32. a5 Nc8 33. Rb1 g4 34.
Ra1 g3 35. Nb5+ Kd8 36. a6 Ba8 37. Rd1 Ke7 38. a7 Bf3 39. Rf1 Bc6 40. Ra1 g2
41. Nc3 Kd8 42. Nd5 Nxa7 43. Rg1 Bxd5 44. cxd5 Rxd5 1/2-1/2

[Event "17. European Women's Championship 2016"]
[Site "Mamaia ROU"]
[Date "2016.06.01"]
[Round "6.40"]
[White "Salimova, Nurgyul"]
[Black "Manakova, Maria"]
[Result "0-1"]
[WhiteElo "2160"]
[BlackElo "2254"]
[PlyCount "96"]
[EventDate "2016.05.27"]
[EventType "swiss"]
[EventRounds "11"]
[EventCountry "ROU"]
[Source "lmi"]
[SourceDate "2016.05.26"]

1. d4 e6 2. Nf3 Nf6 3. c4 b6 4. g3 Bb7 5. Bg2 Be7 6. O-O O-O 7. Nc3 Ne4 8. Qc2
Nxc3 9. Qxc3 c5 10. dxc5 Bxc5 11. Be3 Be7 12. Rfd1 Qc7 13. Rac1 d6 14. Qd2 Nd7
15. Bf4 e5 16. Bg5 f6 17. Be3 Rad8 18. Ne1 e4 19. Bh3 f5 20. Ng2 Ne5 21. Nf4
Qd7 22. Nd5 h6 23. Bf4 Qe8 24. Qd4 Bg5 25. Bxg5 hxg5 26. Bg2 Qh5 27. Rc2 g4 28.
Nf4 Qh6 29. Qe3 g5 30. Nd5 Rd7 31. f4 exf3 32. exf3 f4 33. gxf4 gxf4 34. Qe4
Rg7 35. Kh1 Rh7 36. h3 gxf3 37. Bf1 Bc8 38. Rh2 Kh8 39. Bd3 Bf5 40. Qd4 Bxd3
41. Rxd3 Qxh3 42. Rdd2 Qf1+ 43. Qg1 Qxg1+ 44. Kxg1 Nxc4 45. Rxh7+ Kxh7 46. Rh2+
Kg6 47. Kf2 Ne5 48. Rh1 Kf5 0-1

[Event "17. European Women's Championship 2016"]
[Site "Mamaia ROU"]
[Date "2016.06.01"]
[Round "6.41"]
[White "Sandu, Mihaela"]
[Black "Galunova, Tsveta"]
[Result "1/2-1/2"]
[WhiteElo "2246"]
[BlackElo "2149"]
[PlyCount "79"]
[EventDate "2016.05.27"]
[EventType "swiss"]
[EventRounds "11"]
[EventCountry "ROU"]
[Source "lmi"]
[SourceDate "2016.05.26"]

1. e4 e5 2. Nf3 Nc6 3. Bc4 Bc5 4. d3 Nf6 5. Bb3 a6 6. Nbd2 Ba7 7. O-O d6 8. c3
O-O 9. h3 h6 10. Re1 Be6 11. Bc2 Re8 12. Nf1 d5 13. exd5 Nxd5 14. Ng3 Qd6 15.
Nh4 Qe7 16. Nhf5 Qf6 17. Qf3 Kh8 18. Qe4 g6 19. Ne3 Nf4 20. Rf1 Rad8 21. Ng4
Qh4 22. Bxf4 Bd5 23. Bxe5+ Nxe5 24. Qf4 Nxg4 25. Qxg4 Qxg4 26. hxg4 Be6 27. Ne4
Bxg4 28. Nf6 Be2 29. Nxe8 Bxf1 30. Kxf1 Rxe8 31. d4 Kg7 32. a4 a5 33. Rd1 f5
34. g3 Kf6 35. Bd3 Re7 36. Kg2 Rd7 37. Rh1 c5 38. Rxh6 Kg7 39. Rh1 cxd4 40. c4
1/2-1/2

[Event "17. European Women's Championship 2016"]
[Site "Mamaia ROU"]
[Date "2016.06.01"]
[Round "6.42"]
[White "Jap Tjoen San, Linda"]
[Black "Unuk, Laura"]
[Result "0-1"]
[WhiteElo "2116"]
[BlackElo "2246"]
[PlyCount "88"]
[EventDate "2016.05.27"]
[EventType "swiss"]
[EventRounds "11"]
[EventCountry "ROU"]
[Source "lmi"]
[SourceDate "2016.05.26"]

1. e4 e6 2. Nf3 d5 3. Nc3 Nf6 4. e5 Nfd7 5. d4 c5 6. dxc5 Nc6 7. Bf4 Bxc5 8.
Bd3 f6 9. exf6 Qxf6 10. Bg3 O-O 11. O-O Nd4 12. Nxd4 Bxd4 13. Qd2 Nc5 14. Rad1
Nxd3 15. Qxd3 Bb6 16. Qe2 Bd7 17. Be5 Qh4 18. Rd3 Rf5 19. Rg3 g6 20. Rg4 Qh5
21. Bd6 d4 22. Ne4 Bb5 23. Qxb5 Qxg4 24. Qd3 Rf7 25. Be5 Qf5 26. f4 Raf8 27.
Rf3 Bc7 28. Nf6+ Rxf6 29. Bxc7 Rc8 30. Be5 Rff8 31. Qxf5 exf5 32. c3 dxc3 33.
Bxc3 Rfd8 34. Re3 Kf7 35. Kf2 Rc4 36. g3 Rd1 37. Re2 Re4 38. Rc2 Ke6 39. a3 Kd5
40. h4 Rd3 41. Bf6 Re6 42. Be5 Rc6 43. Re2 Kc4 44. Bb8 Kb3 0-1

[Event "17. European Women's Championship 2016"]
[Site "Mamaia ROU"]
[Date "2016.06.01"]
[Round "6.43"]
[White "Rakhmangulova, Anastasiya"]
[Black "Rogozenco, Teodora"]
[Result "1-0"]
[WhiteElo "2245"]
[BlackElo "2104"]
[PlyCount "66"]
[EventDate "2016.05.27"]
[EventType "swiss"]
[EventRounds "11"]
[EventCountry "ROU"]
[Source "lmi"]
[SourceDate "2016.05.26"]

1. d4 g6 2. h4 Nf6 3. Bg5 Bg7 4. Nd2 d5 5. e3 c5 6. c3 Nh5 7. g4 Nf6 8. Be2 h5
9. gxh5 Nxh5 10. Nh3 Qb6 11. Qa4+ Bd7 12. Qa3 f6 13. dxc5 Qc6 14. Bf4 e5 15.
Bxh5 Rxh5 16. Bg3 b6 17. cxb6 axb6 18. Qb3 Na6 19. e4 Be6 20. Qc2 d4 21. Rc1 d3
22. Qxd3 Nc5 23. Qe2 Qd7 24. Rd1 Nd3+ 25. Kf1 Bxh3+ 26. Kg1 Be6 27. Nf1 Rd8 28.
Ne3 Bc4 29. Nxc4 Nf4 30. Nd6+ Kf8 31. Bxf4 exf4 32. Kg2 Qc6 33. Nc4 f3+ 1-0

[Event "17. European Women's Championship 2016"]
[Site "Mamaia ROU"]
[Date "2016.06.01"]
[Round "6.44"]
[White "Drozdova, Dina"]
[Black "Gitu, Paula-Alexandra"]
[Result "1-0"]
[WhiteElo "2235"]
[BlackElo "1949"]
[PlyCount "83"]
[EventDate "2016.05.27"]
[EventType "swiss"]
[EventRounds "11"]
[EventCountry "ROU"]
[Source "lmi"]
[SourceDate "2016.05.26"]

1. d4 d6 2. e4 Nf6 3. f3 e5 4. d5 Be7 5. Be3 c5 6. c4 Na6 7. Nc3 Bd7 8. Qd2 Nc7
9. a3 a5 10. Rb1 Na6 11. g3 h5 12. h4 Nh7 13. Nh3 Qc7 14. Nf2 O-O-O 15. Nd3 f5
16. b4 Rdf8 17. bxc5 Nxc5 18. Nxc5 dxc5 19. Bh3 g6 20. d6 Qxd6 21. Nd5 Bc6 22.
Qxa5 Bd8 23. Qa7 Rf7 24. Bxc5 Qe6 25. Rd1 Bxd5 26. Rxd5 Qa6 27. Qxa6 bxa6 28.
Ke2 Bc7 29. Rhd1 Re8 30. Bb4 Nf8 31. Bc3 Kb7 32. Rb1+ Kc8 33. c5 Nd7 34. Rbd1
Nf8 35. Ke3 Kb7 36. Bf1 f4+ 37. gxf4 exf4+ 38. Kf2 Ne6 39. Bc4 Bd8 40. Rd6
Bxh4+ 41. Kg2 Rfe7 42. Rb1+ 1-0

[Event "17. European Women's Championship 2016"]
[Site "Mamaia ROU"]
[Date "2016.06.01"]
[Round "6.45"]
[White "Sucikova, Svetlana"]
[Black "Gvetadze, Sofio"]
[Result "0-1"]
[WhiteElo "2072"]
[BlackElo "2311"]
[PlyCount "86"]
[EventDate "2016.05.27"]
[EventType "swiss"]
[EventRounds "11"]
[EventCountry "ROU"]
[Source "lmi"]
[SourceDate "2016.05.26"]

1. c4 Nf6 2. Nf3 g6 3. Nc3 Bg7 4. e3 O-O 5. Be2 d6 6. O-O e5 7. d3 Nc6 8. Rb1
h6 9. b4 Be6 10. b5 Ne7 11. a4 g5 12. Nd2 Ng6 13. Nde4 Nd7 14. Ng3 f5 15. Nh5
Bh8 16. Nd5 Rc8 17. f4 c6 18. Nb4 Nf6 19. Nxf6+ Bxf6 20. bxc6 bxc6 21. fxg5
hxg5 22. Bf3 d5 23. Ba3 Be7 24. cxd5 cxd5 25. Rc1 Qd7 26. Bh5 Kg7 27. Rxc8 Rxc8
28. Qa1 a5 29. Na6 Bxa3 30. Qxa3 Qc6 31. Bxg6 Kxg6 32. g4 Qxa6 33. Qe7 f4 34.
h4 gxh4 35. Qxh4 Qxd3 36. Qh5+ Kf6 37. exf4 Qg3+ 38. Kh1 exf4 39. Qh6+ Ke5 40.
Qg7+ Kd6 41. g5 f3 42. Qb2 Rh8+ 43. Qxh8 Qg2# 0-1

[Event "17. European Women's Championship 2016"]
[Site "Mamaia ROU"]
[Date "2016.06.01"]
[Round "6.46"]
[White "Petrenko, Svetlana"]
[Black "Mirzoeva, Elmira"]
[Result "1/2-1/2"]
[WhiteElo "2182"]
[BlackElo "2344"]
[PlyCount "130"]
[EventDate "2016.05.27"]
[EventType "swiss"]
[EventRounds "11"]
[EventCountry "ROU"]
[Source "lmi"]
[SourceDate "2016.05.26"]

1. e4 c6 2. d4 d5 3. e5 Bf5 4. Nf3 e6 5. Be2 c5 6. c3 Nc6 7. O-O Qb6 8. b3 Rc8
9. Bb2 Nh6 10. h3 Be7 11. dxc5 Bxc5 12. b4 O-O 13. Bc1 Be7 14. Bxh6 gxh6 15.
Qd2 Kg7 16. b5 Na5 17. Nd4 Bg6 18. f4 f6 19. exf6+ Bxf6 20. Kh1 Nc4 21. Bxc4
Rxc4 22. Na3 Rxc3 23. Qxc3 Bxd4 24. Qe1 Bxa1 25. Qxa1+ d4 26. Nc4 Qc5 27. Ne5
Rc8 28. Nf3 Qc3 29. Nxd4 Qxa1 30. Rxa1 Kf6 31. Re1 Rd8 32. Nf3 Rd5 33. a4 Bc2
34. a5 Ba4 35. b6 Rxa5 36. Nd4 Bd7 37. Nb3 axb6 38. Nxa5 bxa5 39. Kg1 Bc6 40.
Kf2 b5 41. g3 a4 42. Ke3 b4 43. Kd2 a3 44. Rb1 a2 45. Ra1 Bd5 46. Kc1 Kf5 47.
Kb2 Ke4 48. Rf1 b3 49. g4 Bc4 50. Rc1 Bd5 51. f5 exf5 52. Re1+ Kf4 53. Rf1+ Kg3
54. gxf5 Kxh3 55. f6 h5 56. Rd1 Be6 57. Rd6 Bc4 58. Rc6 Bg8 59. Rc8 Be6 60. Re8
Bc4 61. Rc8 Be6 62. Re8 Bc4 63. Rc8 Be6 64. Re8 Bc4 65. Rc8 Be6 1/2-1/2

[Event "17. European Women's Championship 2016"]
[Site "Mamaia ROU"]
[Date "2016.06.01"]
[Round "6.47"]
[White "Rudolf, Anna"]
[Black "Motycakova, Monika"]
[Result "1-0"]
[WhiteElo "2301"]
[BlackElo "2170"]
[PlyCount "105"]
[EventDate "2016.05.27"]
[EventType "swiss"]
[EventRounds "11"]
[EventCountry "ROU"]
[Source "lmi"]
[SourceDate "2016.05.26"]

1. e4 e5 2. Nc3 Nf6 3. g3 d5 4. exd5 Nxd5 5. Bg2 Nxc3 6. bxc3 Bc5 7. Nf3 e4 8.
Nd4 O-O 9. O-O f5 10. Rb1 c6 11. d3 Bxd4 12. cxd4 Qxd4 13. dxe4 Qxd1 14. Rxd1
fxe4 15. Bxe4 b6 16. Ba3 Re8 17. Re1 Be6 18. Rbd1 Bf7 19. Re3 a5 20. Bf3 Na6
21. Bxc6 Red8 22. Red3 Rxd3 23. Rxd3 Rb8 24. Bd5 Bxd5 25. Rxd5 Rc8 26. Rb5 Rxc2
27. Bb2 Rc6 28. Rg5 g6 29. h4 Kf7 30. h5 gxh5 31. Rg7+ Ke8 32. Rxh7 Rc2 33. Bd4
Rxa2 34. Rxh5 a4 35. Rb5 Nc5 36. Bxc5 bxc5 37. Rxc5 Kf7 38. Rc6 Kg7 39. Ra6 Ra3
40. Kg2 Kf7 41. f4 Kg7 42. Kh3 Kf7 43. Kh4 Ra1 44. Kg5 a3 45. Kf5 a2 46. Ra7+
Kf8 47. g4 Kg8 48. g5 Kf8 49. g6 Ke8 50. g7 Rg1 51. Kf6 Rg4 52. Rxa2 Rxf4+ 53.
Kg5 1-0

[Event "17. European Women's Championship 2016"]
[Site "Mamaia ROU"]
[Date "2016.06.01"]
[Round "6.48"]
[White "Sviridova, Vlada"]
[Black "Belenkaya, Dina"]
[Result "0-1"]
[WhiteElo "2137"]
[BlackElo "2289"]
[PlyCount "154"]
[EventDate "2016.05.27"]
[EventType "swiss"]
[EventRounds "11"]
[EventCountry "ROU"]
[Source "lmi"]
[SourceDate "2016.05.26"]

1. Nf3 d5 2. g3 g6 3. Bg2 Bg7 4. d4 Nf6 5. O-O O-O 6. c4 c6 7. Nbd2 Bf5 8. b3
Ne4 9. Bb2 Qa5 10. Qc1 Nd7 11. Rd1 Ndf6 12. Ne5 Nxd2 13. Qxd2 Qxd2 14. Rxd2 Ne4
15. Rdd1 Rfd8 16. f3 Nd6 17. c5 Nb5 18. a4 Nc7 19. Rac1 Re8 20. g4 Bc8 21. Nd3
Bh6 22. Rc2 Be3+ 23. Nf2 Ne6 24. Rd3 Bf4 25. e3 Bc7 26. b4 h5 27. Rd1 hxg4 28.
fxg4 Kg7 29. e4 Nf4 30. Bf1 f6 31. Re1 dxe4 32. Rxe4 Nd5 33. Rce2 f5 34. gxf5
Bxf5 35. Rh4 g5 36. Rg4 Bxg4 37. Nxg4 a6 38. Re1 Bf4 39. Bc4 e6 40. b5 axb5 41.
axb5 Ra4 42. Bxd5 cxd5 43. b6 Rb4 44. Re2 Ra8 45. Bc3 Rb1+ 46. Kg2 Kf7 47. Be1
Rba1 48. Ne5+ Bxe5 49. Rxe5 R8a2+ 50. Kh3 Rd1 51. Bg3 g4+ 52. Kh4 Rxd4 53. Rh5
Rc4 54. Rh7+ Kf6 55. Rxb7 Rxc5 56. Rh7 Rb5 57. b7 Rab2 58. b8=Q Rxb8 59. Bxb8
Rxb8 60. Kxg4 Rb4+ 61. Kf3 e5 62. Rh8 Rf4+ 63. Ke2 Kf5 64. h4 Ke4 65. h5 d4 66.
h6 Rh4 67. h7 Rh2+ 68. Kf1 Ke3 69. Re8 Rh1+ 70. Kg2 Rxh7 71. Rxe5+ Kd2 72. Kf3
d3 73. Rg5 Re7 74. Rg2+ Kc1 75. Rg8 d2 76. Rc8+ Kd1 77. Rh8 Rd7 0-1